El angel de la muerte
Uloženo v:
| Hlavní autor: | |
|---|---|
| Médium: | Kniha |
| Jazyk: | španělština |
| Vydáno: |
Valparaíso
Municipal
1997
|
| Vydání: | 1a. ed |
| Témata: | |
| Tagy: |
Přidat tag
Žádné tagy, Buďte první, kdo vytvoří štítek k tomuto záznamu!
|
MARC
| LEADER | 00000nam a2200000 a 4500 | ||
|---|---|---|---|
| 001 | UCJ5352 | ||
| 003 | CL-VaPUC | ||
| 008 | 070124e19971215CL |||||||||||||||||spa|d | ||
| 082 | 0 | 4 | |a Ch863 |b CIS |2 21 |
| 100 | 0 | |a Cisneros, Sebastián |e author |9 510435 | |
| 245 | 1 | 3 | |a El angel de la muerte |
| 250 | |a 1a. ed | ||
| 300 | |a 123 p | ||
| 651 | 0 | |a Valparaíso, Chile |9 261144 | |
| 942 | |c BK | ||
| 945 | |d 20070124 00:00:00 |a rinostro | ||
| 260 | |a Valparaíso |b Municipal |c 1997 | ||
| 500 | |a Cubierta posterior, fotografía del autor | ||
| 600 | 0 | |a Moltedo Ghio, Ennio, |d 1931-2012 |9 331860 | |
| 650 | 0 | |a Novela chilena |9 307631 | |
| 650 | 0 | |a Crítica literaria |9 269189 | |
| 650 | 0 | |a Iconografía |9 267998 | |
| 583 | |a last modification |c 20070124 00:00:00 |k Rodrigo Vera | ||
| 999 | |c 321461 |d 321459 | ||
| 952 | |0 0 |1 0 |4 0 |6 CH_863_000000000000000_CIS_1997 |7 0 |8 X |9 400215 |a FDOBUD |b FDOBUD |d 2019-11-22 |i 1033565 |o Ch863 CIS 1997 |p 1033565 |r 2019-11-22 |w 2019-11-22 |y BK_X |k BUD | ||